000 00689nam a2200241Ia 4500
003 GCL
008 140319s9999 xx 000 0 ara d
040 _aGCL /
_cGCL
082 0 4 _a523.1
_bش ك
100 1 _aمدحت محفوظ (مترجم)
245 1 0 _aكوننا المتمرد /
_cمدحت محفوظ (مترجم)
700 1 _aشاتزمان، ايفرى
300 _a110 ص
490 _aالالف كتاب الثانى
_v0
650 0 4 _aالفلك
650 0 4 _aالكون
650 0 4 _aالفضاء الخارجى
650 0 4 _aالنسبية
650 0 4 _aالجاذبية الارضية
650 0 4 _aالمجرات
650 0 4 _aالتمدد
942 _2ddc
_cBK
999 _c37563
_d37563